00910cam a22002897a 450000100090000000300050000900500170001400800410003101000170007202000150008902500270010403500210013104000180015204200100017005000250018008200170020510000390022224500460026126000500030730000210035750000100037854600130038890600450040194200260044699900190047295201290049112518210NUST20230327093039.0010607s2001 pk 000 0 urd  a 2001289567 a9693512065 aP-U-2001289567; 06; 05 a(DLC) 200128956 aDLCcDLCdDLC alcode00aMLCSA 2001/01851 (P) a891.4392,ASH0 aAshfāq Aḥmad,d1925-2004.963910aGuldan :bTalqeen Shah /cAshfaq Aḥmad. aLahore :bSang-i Mīl Pablīkeshanz,c2001. a328 p. ;c22 cm. aPlay. aIn Urdu. a7bcbccorigoded3encipf20gy-gencatlg 2ddccBKk891.4392,ASH c594306d594306 00102ddc4070aMCSbMCScGENd2023-03-27l0o891.4392,ASHpMCS37824r2023-03-27w2023-03-27yBKzAlmirha No 66, Shelf No 1